000
00311nam a2200097Ia 4500
082
_a
ZUL|896.39861|DLAM
245
0
_a
Kuyosala izibongo : isiZulu poetry anthology
100
_a
DLAMINI, J.C. (John Charles) Pietermaritzburg, 2003
_9
55168
942
_c
BK
008
210817s9999 xx 000 0 und d
999
_c
173732
_d
173731